[Event "GER-chT10 LJ-23 Br02 email"]
[Site "GER email"]
[Date "2013.10.04"]
[Round "?"]
[White "Bergerhoff, Ralf"]
[Black "Hildebrand, Gerald"]
[Result "1/2-1/2"]
[WhiteElo "2133"]
[BlackElo "2152"]
[PlyCount "101"]
[EventDate "2013.10.15"]
[EventType "tourn (corr)"]
[EventRounds "8"]
[EventCountry "GER"]
[SourceTitle "Corr 2015"]
[Source "ChessBase"]
[SourceDate "2015.07.17"]
[SourceVersion "1"]
[SourceVersionDate "2015.07.17"]
[SourceQuality "1"]

1. e4 c5 2. Nf3 Nc6 3. d4 cxd4 4. Nxd4 Nf6 5. Nc3 d6 6. Bg5 e6 7. Qd2 Be7 8. 0-0-0 0-0 9. Nb3 h6 10. Bxf6 Bxf6 11. Qxd6 Bxc3 12. bxc3 Qf6 13. Qg3 e5 14. Bc4 Qe7 15. Kb2 Be6 16. Bxe6 Qxe6 17. Rd5 Qe7 18. Rhd1 Rad8 19. Qh3 Nb8 20. Qe3 b6 21. Rxd8 Rxd8 22. Rxd8+ Qxd8 23. Qd3 Qc7 24. Qd5 Nd7 25. f3 h5 26. Nc1 h4 27. Nd3 Nc5 28. Nxc5 bxc5 29. a4 c4 30. a5 Kh7 31. Ka3 f6 32. Kb4 Qb8+ 33. Kxc4 a6 34. Kd3 Qb2 35. f4 exf4 36. Qf5+ Kg8 37. Qxf4 Qb5+ 38. c4 Qxa5 39. Qd6 Qa1 40. c5 Qd1+ 41. Kc4 Qxc2+ 42. Kd5 Kh7 43. Kc6 h3 44. gxh3 Qxe4+ 45. Kb6 Qe3 46. Kb7 Qb3+ 47. Ka8 Qg8+ 48. Ka7 Qf7+ 49. Kxa6 Qc4+ 50. Kb6 f5 51. Kb7 1/2-1/2

[Event "GER-chT10 LJ-23 Br02 email"]
[Site "GER email"]
[Date "2013.10.04"]
[Round "?"]
[White "Kowalski, Marek"]
[Black "Bergerhoff, Ralf"]
[Result "1/2-1/2"]
[WhiteElo "1926"]
[BlackElo "2133"]
[PlyCount "99"]
[EventDate "2013.10.15"]
[EventType "tourn (corr)"]
[EventRounds "8"]
[EventCountry "GER"]
[SourceTitle "Corr 2015"]
[Source "ChessBase"]
[SourceDate "2015.07.17"]
[SourceVersion "1"]
[SourceVersionDate "2015.07.17"]
[SourceQuality "1"]

1. d4 Nf6 2. Bg5 Ne4 3. Bf4 c5 4. f3 Qa5+ 5. c3 Nf6 6. d5 Qb6 7. Bc1 e6 8. c4 exd5 9. cxd5 d6 10. e4 g6 11. Ne2 Bg7 12. Nec3 a6 13. Be2 Nbd7 14. 0-0 Qc7 15. a4 0-0 16. Na3 Re8 17. Be3 Nh5 18. Qd2 Ne5 19. Bh6 f5 20. exf5 gxf5 21. Qg5 Nf7 22. Qxh5 Bxh6 23. Bd3 Bg7 24. Nc4 Rf8 25. Bxf5 Bxf5 26. Qxf5 Rae8 27. Rae1 Ne5 28. Qh5 Qd7 29. Nxe5 Rxe5 30. Rxe5 Bxe5 31. a5 Rf5 32. Qg4+ Kf8 33. Ne4 h5 34. Qh3 Qf7 35. Re1 Bd4+ 36. Kh1 Rxd5 37. f4 Qxf4 38. Qc8+ Kg7 39. Qxb7+ Qf7 40. Qxa6 Qe7 41. Qd3 Re5 42. Re2 h4 43. Nc3 Qg5 44. Rxe5 Bxe5 45. a6 Qf4 46. g3 Qc1+ 47. Qd1 Qxb2 48. Qg4+ Kf7 49. Qf3+ Ke8 50. Qc6+ 1/2-1/2

[Event "GER T98-A01-S email"]
[Site "GER email"]
[Date "2010.10.18"]
[Round "?"]
[White "Stevens, Michael"]
[Black "Bergerhoff, Ralf"]
[Result "0-1"]
[WhiteElo "1445"]
[BlackElo "2133"]
[PlyCount "72"]
[EventDate "2010.10.22"]
[EventType "tourn (corr)"]
[EventRounds "8"]
[EventCountry "GER"]
[SourceTitle "Corr 2015"]
[Source "ChessBase"]
[SourceDate "2015.07.17"]
[SourceVersion "1"]
[SourceVersionDate "2015.07.17"]
[SourceQuality "1"]
[WhiteTeam "Germany"]
[BlackTeam "Germany"]
[WhiteTeamCountry "GER"]
[BlackTeamCountry "GER"]

1. b3 d5 2. Bb2 Nf6 3. e3 Bf5 4. f4 e6 5. Nf3 Be7 6. Be2 h6 7. Nc3 0-0 8. 0-0 Nbd7 9. Nd4 Bh7 10. d3 a6 11. Nf3 Bd6 12. Rc1 c5 13. Qd2 Qc7 14. Nd1 Rfe8 15. c4 d4 16. g3 e5 17. fxe5 Nxe5 18. exd4 Neg4 19. Kg2 cxd4 20. Bxd4 Bb4 21. Bc3 Bxc3 22. Rxc3 Rad8 23. Qb2 Re6 24. Rc2 Bxd3 25. Rd2 Be4 26. Rxd8+ Qxd8 27. Kg1 Rd6 28. c5 Rd7 29. Qc1 Bxf3 30. Bxf3 Rd2 31. Bxg4 Nxg4 32. Qc4 Qd7 33. h3 Ne5 34. Qc3 Re2 35. Nf2 Qc6 36. Rc1 Qf6 0-1

[Event "GER Pyramid email"]
[Site "GER email"]
[Date "2006.11.24"]
[Round "?"]
[White "Bergerhoff, Ralf"]
[Black "Wolf, Wolfgang"]
[Result "1/2-1/2"]
[WhiteElo "2454"]
[BlackElo "2404"]
[PlyCount "89"]
[EventDate "2006.??.??"]
[EventType "tourn (corr)"]
[EventRounds "10"]
[EventCountry "GER"]
[SourceTitle "Corr 2020"]
[Source "ChessBase"]
[SourceDate "2019.09.30"]
[SourceVersion "1"]
[SourceVersionDate "2019.09.30"]
[SourceQuality "1"]

1. e4 e5 2. f4 Qh4+ 3. g3 Qe7 4. fxe5 d6 5. exd6 Qxe4+ 6. Qe2 Qxe2+ 7. Nxe2 Bxd6 8. Bg2 Nc6 9. Nbc3 Nb4 10. Kd1 Bf5 11. d3 0-0-0 12. Rf1 Bg6 13. Bf4 Nf6 14. a3 Nc6 15. Bxc6 bxc6 16. Kd2 Be7 17. Rae1 Rhe8 18. Be3 Ng4 19. Bg1 Bg5+ 20. Nf4 Kb8 21. Kd1 Rxe1+ 22. Rxe1 Bf5 23. Ne4 Bh6 24. Nc5 Bg5 25. b4 Bf6 26. Nh5 Bc3 27. Re7 Bc8 28. Kc1 Rd5 29. Ne4 Rxh5 30. Nxc3 Re5 31. Rxe5 Nxe5 32. Bd4 Nf3 33. Bxg7 Nxh2 34. Ne4 Nf3 35. Bf6 Bf5 36. Nc5 Kc8 37. a4 h5 38. c3 Nh2 39. Kd2 Nf1+ 40. Ke1 Ne3 41. a5 Nd5 42. Bd4 Kb8 43. Kd2 Bc8 44. Be5 Ka8 45. Kd1 1/2-1/2

[Event "GER Pyramid email"]
[Site "GER email"]
[Date "2006.05.27"]
[Round "?"]
[White "Kuna, Heiko"]
[Black "Bergerhoff, Ralf"]
[Result "0-1"]
[WhiteElo "2288"]
[BlackElo "2454"]
[PlyCount "122"]
[EventDate "2006.??.??"]
[EventType "tourn (corr)"]
[EventRounds "10"]
[EventCountry "GER"]
[SourceTitle "Corr 2020"]
[Source "ChessBase"]
[SourceDate "2019.09.30"]
[SourceVersion "1"]
[SourceVersionDate "2019.09.30"]
[SourceQuality "1"]

1. d4 Nf6 2. c4 c5 3. d5 b5 4. cxb5 a6 5. bxa6 Bxa6 6. Nc3 g6 7. Nf3 d6 8. Nd2 Qa5 9. g3 Bg7 10. Bg2 Nbd7 11. 0-0 0-0 12. Qc2 Rfb8 13. Rd1 Ne8 14. h3 Nc7 15. a4 Ne5 16. Ra3 Rb7 17. f4 Nc4 18. Nxc4 Bxc4 19. f5 Be5 20. Be4 Kg7 21. Rf1 Ne8 22. Na2 Bxa2 23. Rxa2 Nf6 24. fxg6 hxg6 25. Bd2 Qb6 26. a5 Qb5 27. Bg2 c4 28. Bc3 Qc5+ 29. Kh2 Rb3 30. Bxe5 dxe5 31. e4 Rxa5 32. Rxa5 Qxa5 33. Rc1 Rd3 34. Qxc4 Qd2 35. Rf1 Re3 36. Qc1 Nxe4 37. Qxd2 Nxd2 38. Rf2 Nc4 39. Rc2 Nd6 40. g4 g5 41. Bf1 e4 42. Rf2 Rb3 43. Kg2 Rb4 44. Kg3 f5 45. gxf5 e3 46. Re2 Nxf5+ 47. Kh2 Kf6 48. Kg1 Ke5 49. Rg2 Rd4 50. Be2 Rd2 51. Kf1 Nd4 52. Rxg5+ Kd6 53. Rg6+ Kxd5 54. Rg2 Ke4 55. Bh5 Rxg2 56. Kxg2 Kd3 57. b4 e5 58. b5 Nxb5 59. h4 Nd4 60. Bg4 e2 61. Bxe2+ Nxe2 0-1

[Event "GER Pyramid email"]
[Site "GER email"]
[Date "2005.04.10"]
[Round "?"]
[White "Bergerhoff, Ralf"]
[Black "Amann, Hubert"]
[Result "1/2-1/2"]
[WhiteElo "2454"]
[BlackElo "2414"]
[PlyCount "55"]
[EventDate "2005.??.??"]
[EventType "tourn (corr)"]
[EventRounds "9"]
[EventCountry "GER"]
[SourceTitle "Corr 2020"]
[Source "ChessBase"]
[SourceDate "2019.09.30"]
[SourceVersion "1"]
[SourceVersionDate "2019.09.30"]
[SourceQuality "1"]

1. e4 c6 2. d4 d5 3. Nd2 dxe4 4. Nxe4 Bf5 5. Ng3 Bg6 6. h4 h6 7. Nf3 Nd7 8. h5 Bh7 9. Bd3 Bxd3 10. Qxd3 Ngf6 11. Bf4 e6 12. 0-0-0 Be7 13. Ne5 0-0 14. Kb1 Rc8 15. Ne2 Nxe5 16. Bxe5 Qb6 17. Qg3 Rfd8 18. Nc3 Ne8 19. Ne4 Rd7 20. Rd3 Rcd8 21. a3 f6 22. Bf4 Rxd4 23. Bxh6 Rxd3 24. cxd3 Qb3 25. Qg6 Bxa3 26. Nxf6+ Kf8 27. Nh7+ Kg8 28. Nf6+ 1/2-1/2